An introduction to the biology of marine life / (Record no. 15933)
[ view plain ]
| 000 -LEADER | |
|---|---|
| fixed length control field | 00479nam a2200169 a 4500 |
| 020 ## - INTERNATIONAL STANDARD BOOK NUMBER | |
| ISBN | 0697135152 (cloth) |
| 020 ## - INTERNATIONAL STANDARD BOOK NUMBER | |
| ISBN | 0697051439 (paper) |
| 040 ## - CATALOGING SOURCE | |
| Transcribing agency | DLC |
| 082 ## - DEWEY DECIMAL CLASSIFICATION NUMBER | |
| Classification number | 578 W M C 1992 A081 Or. |
| 100 1# - MAIN ENTRY--AUTHOR NAME | |
| Personal name | Sumich, James L. |
| 245 13 - TITLE STATEMENT | |
| Title | An introduction to the biology of marine life / |
| 250 ## - EDITION STATEMENT | |
| Edition statement | 5th ed. |
| 260 ## - PUBLICATION, DISTRIBUTION, ETC. (IMPRINT) | |
| Place of publication | Dubuque, IA : |
| Name of publisher | Wm. C. Brown Publishers, |
| Year of publication | c1992. |
| 300 ## - PHYSICAL DESCRIPTION | |
| Number of Pages | xii, 449 p. : |
| Other physical details | ill. (some col.) ; |
| Dimensions | 26 cm. |
| 650 #0 - SUBJECT ADDED ENTRY--TOPICAL TERM | |
| Topical Term | Marine biology. |
| 942 ## - ADDED ENTRY ELEMENTS (KOHA) | |
| Koha item type | សៀវភៅភាសាអង់គ្លេស |
| 952 ## - LOCATION AND ITEM INFORMATION (KOHA) | |
| Withdrawn status [LOCAL, KOHA] | 0 |
| Permanent Location | Date acquired | Koha item type | Lost status | Shelving location | Barcode | Current Location | Full call number |
|---|---|---|---|---|---|---|---|
| Library Block A | 2017-12-19 | សៀវភៅភាសាអង់គ្លេស | A081 | A09428 | Library Block A | 578 W M C 1992 A081 Or. |